THE LABOUR AND INDUSTRIAL CASES ANNUAL INDEX 2009 (V-4) (Record no. 6811)

MARC details
000 -LEADER
fixed length control field 00425nam a22001577a 4500
005 - DATE AND TIME OF LATEST TRANSACTION
control field 20200604113654.0
008 - FIXED-LENGTH DATA ELEMENTS--GENERAL INFORMATION
fixed length control field 200604b xxu||||| |||| 00| 0 eng d
041 ## - LANGUAGE CODE
Language code of text/sound track or separate title eng
082 ## - DEWEY DECIMAL CLASSIFICATION NUMBER
Classification number 345.4
110 ## - MAIN ENTRY--CORPORATE NAME
Corporate name or jurisdiction name as entry element THE LABOUR AND INDUSTRIAL CASES
245 ## - TITLE STATEMENT
Title THE LABOUR AND INDUSTRIAL CASES ANNUAL INDEX 2009 (V-4)
260 ## - PUBLICATION, DISTRIBUTION, ETC. (IMPRINT)
Place of publication BOMBAY
Name of publisher THE AII INDIA REPORTER LTD .
300 ## - PHYSICAL DESCRIPTION
Number of Pages 4416;p
650 ## - SUBJECT ADDED ENTRY--TOPICAL TERM
Topical Term LAW
942 ## - ADDED ENTRY ELEMENTS (KOHA)
Koha item type Journals/Serial
Holdings
Lost status Damaged status Collection code Home library Current library Shelving location Date acquired Source of acquisition Full call number Accession Number Koha item type
    LAW JRU Library JRU Library SHELF-41-D 16/06/2020 PURCHESS 345.4 24407 Journals/Serial